000 00514nam a2200157Ia 4500
003 Ost
005 20260507075713.0
008 260507s9999||||xx |||||||||||||| ||und||
040 _cfsecg
041 _aara
100 _aالقريوتي، محمد قاسم
_eمؤلف
245 0 _aمبادئ الادارة :
_bالنظريات،العمليات،الوظائف /
_c محمد قاسم القريوتي
260 _aعمان:
_bدار وائل للنشر,
_c2001
300 _a400 صفحة؛
942 _cكتاب
999 _c45906
_d45906